000 00509nam a2200205Ia 4500
999 _c4905
_d4905
003 0100
008 130227s9999 xx 000 0 und d
040 _cARRUPELIB
050 _aDT2490.R4 1955
100 _aGreat Britain Colonial Office
_913406
245 _aBechuanaland protectorate
245 _breport for the year
260 _bHer Majesty's Stationery Office
_aLondon
_c1956
300 _a99p.
300 _b 23cm.
650 _bBechuanaland
_931701
942 _2lcc
_cMONOGRAPH